Responsabilidad médico-sanitaria / (Record no. 193312)

MARC details
000 -LEADER
campo de control de longitud fija 01859nam a2200385 i 4500
001 - NÚMERO DE CONTROL
campo de control 193312
003 - IDENTIFICADOR DE NÚMERO DE CONTROL
campo de control SpMaBN
005 - FECHA Y HORA DE LA ÚLTIMA TRANSACCIÓN
campo de control 20250712063138.0
007 - CAMPO FIJO DE DESCRIPCIÓN FÍSICA--INFORMACIÓN GENERAL
campo de control de longitud fija ta
008 - DATOS DE LONGITUD FIJA--INFORMACIÓN GENERAL
campo de control de longitud fija 231102s2022 sp | |||| 000 0 spa
017 ## - NÚMERO DE COPYRIGHT O DE DEPÓSITO LEGAL
Número de copyright o de depósito legal M 6746-2022
Agencia que asigna Oficina Depósito Legal Madrid
020 ## - NÚMERO INTERNACIONAL ESTÁNDAR DEL LIBRO
Número Internacional Estándar del Libro 9788413881287
035 ## - NÚMERO DE CONTROL DEL SISTEMA
Número de control de sistema a7110100
040 ## - FUENTE DE CATALOGACIÓN
Centro catalogador/agencia de origen SpMaBN
Lengua de catalogación spa
Centro/agencia transcriptor SpMaBN
Normas de descripción rda
Centro/agencia modificador ES-MaACL
080 ## - NÚMERO DE LA CLASIFICACIÓN DECIMAL UNIVERSAL
Número de la Clasificación Decimal Universal 347.56(460)"20"(094.9):614.25
245 00 - MENCIÓN DEL TÍTULO
Título Responsabilidad médico-sanitaria /
Mención de responsabilidad, etc. Mariano José Herrador Guardia, director.
264 #1 - PRODUCCIÓN, PUBLICACIÓN, DISTRIBUCIÓN, FABRICACIÓN Y COPYRIGHT
Producción, publicación, distribución, fabricación y copyright [Las Rozas (Madrid)] :
Nombre del de productor, editor, distribuidor, fabricante Sepín,
Fecha de producción, publicación, distribución, fabricación o copyright [2022]
300 ## - DESCRIPCIÓN FÍSICA
Extensión 769 páginas ;
Dimensiones 25 cm
336 ## - TIPO DE CONTENIDO
Término de tipo de contenido Texto
Fuente rdacontent
337 ## - TIPO DE MEDIO
Nombre/término del tipo de medio sin mediación
Fuente rdamedia
338 ## - TIPO DE SOPORTE
Nombre/término del tipo de soporte volumen
Fuente rdacarrier
500 ## - NOTA GENERAL
Nota general Índice
504 ## - NOTA DE BIBLIOGRAFÍA, ETC.
Nota de bibliografía, etc. Referencias bibliográficas
520 ## - RESUMEN, ETC.
Sumario, etc. Una completa actualización y revisión del estado actual de la cuestión en una materia como la responsabilidad civil en el ámbito sanitario, que afecta y genera jurisprudencia en varias jurisdicciones.<br/><br/>Veinte trabajos doctrinales de máxima calidad, realizados exclusivamente por jueces y académicos del más alto nivel, con la coordinación y dirección de un abogado de excelencia en la especialidad.
650 #0 - PUNTO DE ACCESO ADICIONAL DE MATERIA--TÉRMINO DE MATERIA
Término de materia o nombre geográfico como elemento de entrada Médicos-
Subdivisión general Responsabilidad profesional-
Subdivisión geográfica España
Fuente del encabezamiento o término embne
9 (RLIN) 234453
655 #0 - TERMINO DE INDIZACIÓN--GENERO/FORMA
Datos o término principal de género/forma Jurisprudencia
Fuente del término tgfbne
9 (RLIN) 176550
700 1# - ENTRADA AGREGADA--NOMBRE PERSONAL
Nombre de persona Herrador Guardia, Mariano José
Término indicativo de función/relación Director de publicación
9 (RLIN) 151606
852 ## - LOCALIZACIÓN
Ubicación ES-MaACL
itemnumber 200752
Sublocalización o colección R.154801
Número de control de estantería N-9506
Ubicación en estantería Depósito J
Donativo/Legado Donación: Mariano José Herrador Guardia
Encuadernación Encuadernación cartoné
903 ## - NOMBRE PERSONAL DE DONANTE
a Herrador Guardia, Mariano José
e Donante
9 151606
942 ## - ELEMENTOS DE ENTRADA SECUNDARIOS (KOHA)
Suprimir en OPAC No
Tipo de ítem Koha Libro impreso
Holdings
Estatus retirado Estado de pérdida Fuente del sistema de clasificación o colocación Especificación de materiales (volumen encuadernado u otra parte) Estado de daño No para préstamo Biblioteca de origen Biblioteca actual Ubicación en estantería Fecha de adquisición Fuente de adquisición Número de control de estantería Total de préstamos Signatura topográfica completa Código de barras Visto por última vez Tipo de ítem Koha
    Clasificación decimal universal Enc. cartoné     Biblioteca del Ateneo de Madrid Biblioteca del Ateneo de Madrid Depósito J 02/11/2023 Donación Ateneísta   N-9506 101206045 02/11/2023 Libro impreso